Deutsche Automarken - Statistiken

Allgemein
  • Dieses Quiz wurde 332 mal gespielt
    214 seit der letzten Aktualisierung
  • Das Durchschnittsergebnis liegt bei 6 aus 6
Answers on the Grid
Answers color-coded by a green-red scale on the quiz's grid according to % correct below.
Nissan
Ferrari
Lamborghini
Mazda
Porsche
Mercedes
BMW
VW
Ford
Opel
Audi
 
Antwortstatistiken
Antwort % Korrekt
BMW
97%
VW
97%
Audi
95%
Mercedes
93%
Opel
90%
Porsche
90%
Keine übereinstimmenden Quizze gefunden
Verteilung der Resultate
Anzahl Personen mit jedem Resultat
Perzentil nach korrekt beantworteten Fragen
Ihre Resultats-Entwicklung
Sie haben dieses Quiz seit der letzten Aktualisierung nicht gespielt